ARRUPE JESUIT UNIVERSITY

CORONAVIRUS -STOP THE SPREAD - CLEAN,DISINFECT,COVER

Voluntary simplicity : (Record no. 119270)

MARC details
000 -LEADER
fixed length control field 01454cam a22003377a 4500
001 - CONTROL NUMBER
control field 16330047
003 - CONTROL NUMBER IDENTIFIER
control field ARRUPE
005 - DATE AND TIME OF LATEST TRANSACTION
control field 20131216123526.0
008 - FIXED-LENGTH DATA ELEMENTS--GENERAL INFORMATION
fixed length control field 100713s2010 nyu e b 001 0 eng d
010 ## - LIBRARY OF CONGRESS CONTROL NUMBER
LC control number 2010294823
020 ## - INTERNATIONAL STANDARD BOOK NUMBER
International Standard Book Number 9780061779268 (pbk.)
035 ## - SYSTEM CONTROL NUMBER
System control number (OCoLC)ocn419851005
040 ## - CATALOGING SOURCE
Original cataloging agency BTCTA
Transcribing agency BTCTA
Modifying agency YDXCP
-- DMM
-- VP@
-- DLC
042 ## - AUTHENTICATION CODE
Authentication code lccopycat
050 00 - LIBRARY OF CONGRESS CALL NUMBER
Classification number BJ1496
Item number .E356 1993
082 04 - DEWEY DECIMAL CLASSIFICATION NUMBER
Classification number 179/.9
Edition number 22
300 ## - PHYSICAL DESCRIPTION
Dimensions 21 cm.
100 1# - MAIN ENTRY--PERSONAL NAME
Personal name Elgin, Duane.
9 (RLIN) 5724
245 10 - TITLE STATEMENT
Title Voluntary simplicity :
Remainder of title toward a way of life that is outwardly simple, inwardly rich /
Statement of responsibility, etc Duane Elgin.
250 ## - EDITION STATEMENT
Edition statement 2nd rev. ed.
260 ## - PUBLICATION, DISTRIBUTION, ETC. (IMPRINT)
Place of publication, distribution, etc New York :
Name of publisher, distributor, etc Harper,
Date of publication, distribution, etc c2010.
300 ## - PHYSICAL DESCRIPTION
Extent xxviii, 210 p. ;
500 ## - GENERAL NOTE
General note 1st ed. printed in 1981.
504 ## - BIBLIOGRAPHY, ETC. NOTE
Bibliography, etc Includes bibliographical references and index.
505 0# - FORMATTED CONTENTS NOTE
Formatted contents note Cool lifestyle for a hot planet -- Pioneers of green living -- Living voluntarily -- Living simply -- The world at the tipping point -- Deep simplicity and the human journey -- Living in a green world.
650 #0 - SUBJECT ADDED ENTRY--TOPICAL TERM
Topical term or geographic name as entry element Voluntary simplicity movement.
9 (RLIN) 5725
856 42 - ELECTRONIC LOCATION AND ACCESS
Materials specified Publisher description
Uniform Resource Identifier <a href="http://www.loc.gov/catdir/enhancements/fy1011/2010294823-d.html">http://www.loc.gov/catdir/enhancements/fy1011/2010294823-d.html</a>
856 42 - ELECTRONIC LOCATION AND ACCESS
Materials specified Contributor biographical information
Uniform Resource Identifier <a href="http://www.loc.gov/catdir/enhancements/fy1011/2010294823-b.html">http://www.loc.gov/catdir/enhancements/fy1011/2010294823-b.html</a>
906 ## - LOCAL DATA ELEMENT F, LDF (RLIN)
a 7
b cbc
c copycat
d 2
e ncip
f 20
g y-gencatlg
942 ## - ADDED ENTRY ELEMENTS (KOHA)
Source of classification or shelving scheme Library of Congress Classification
Koha item type Monograph ( Printed materials)

No items available.

 

Arrupe Library. PO Box MP320 Mt Pleasant, Harare, Zimbabwe
263 242 745411|librarian@aju.ac.zw